El cine de Gonzalo Suárez / (Record no. 182184)

MARC details
000 -LEADER
campo de control de longitud fija 00763nam a2200241 i 4500
001 - NÚMERO DE CONTROL
campo de control 182184
003 - IDENTIFICADOR DE NÚMERO DE CONTROL
campo de control ES-MaACL
005 - FECHA Y HORA DE LA ÚLTIMA TRANSACCIÓN
campo de control 20240312150742.0
008 - DATOS DE LONGITUD FIJA--INFORMACIÓN GENERAL
campo de control de longitud fija 130621s2004 sp |||| | spa d
020 ## - NÚMERO INTERNACIONAL ESTÁNDAR DEL LIBRO
Número Internacional Estándar del Libro 84-931983-6-6
080 ## - NÚMERO DE LA CLASIFICACIÓN DECIMAL UNIVERSAL
Número de la Clasificación Decimal Universal 791.43 Suárez, Gonzalo
245 03 - MENCIÓN DEL TÍTULO
Título El cine de Gonzalo Suárez /
Mención de responsabilidad, etc. Carmen Becerra (ed. lit.).
260 ## - PUBLICACIÓN, DISTRIBUCIÓN, ETC.
Lugar de publicación, distribución, etc. Pontevedra :
Nombre del editor, distribuidor, etc. Mirabel,
Fecha de publicación, distribución, etc. 2004.
300 ## - DESCRIPCIÓN FÍSICA
Extensión 222 p. ;
Dimensiones 21 cm.
490 1# - MENCIÓN DE SERIE
Mención de serie Lecturas: imágenes ;
Designación de volumen o secuencia 3
504 ## - NOTA DE BIBLIOGRAFÍA, ETC.
Nota de bibliografía, etc. Bibliografía: p. 215-222.
600 14 - PUNTO DE ACCESO ADICIONAL DE MATERIA--NOMBRE DE PERSONA
Nombre de persona Suárez, Gonzalo,
Fechas asociadas al nombre 1934-
9 (RLIN) 108561
700 0# - ENTRADA AGREGADA--NOMBRE PERSONAL
Nombre de persona Becerra, Carmen.
9 (RLIN) 26877
830 0# - PUNTO DE ACCESO ADICIONAL DE SERIE-TÍTULO UNIFORME
Título uniforme Lecturas: imágenes ;
Designación de volumen o secuencia 3
9 (RLIN) 224805
852 ## - LOCALIZACIÓN
Ubicación ES-MaACL
Número de control de estantería A-12749
itemnumber 189095
Sublocalización o colección R.148806
Ubicación en estantería Depósito 1
Signatura antigua Olim: N-5749
942 ## - ELEMENTOS DE ENTRADA SECUNDARIOS (KOHA)
Fuente del sistema de clasificación o colocación Clasificación decimal universal
Tipo de ítem Koha Libro impreso
Holdings
Estatus retirado Estado de pérdida Fuente del sistema de clasificación o colocación Estado de daño No para préstamo Biblioteca de origen Biblioteca actual Ubicación en estantería Fecha de adquisición Fuente de adquisición Total de préstamos Signatura topográfica completa Código de barras Visto por última vez Precio de reemplazo Tipo de ítem Koha
    Clasificación decimal universal     Biblioteca del Ateneo de Madrid Biblioteca del Ateneo de Madrid Depósito 1 21/06/2013 Compra   A-12749 1191454 23/02/2023 23/02/2023 Libro impreso